Centolla de profundidad: nueva pesquería
Sparad:
| Institutionella upphovsmän: | , |
|---|---|
| Materialtyp: | Bok |
| Språk: | spanska |
| Publicerad: |
Valparaíso
IFOP
2000
|
| Ämnen: | |
| Taggar: |
Lägg till en tagg
Inga taggar, Lägg till första taggen!
|
MARC
| LEADER | 00000nam a2200000 a 4500 | ||
|---|---|---|---|
| 001 | UCI7490 | ||
| 003 | CL-VaPUC | ||
| 008 | 080703e20000000CL |||||||||||||||||spa|d | ||
| 082 | 0 | 4 | |a 639.5 |b IFO |2 21 |
| 110 | 2 | |a IFOP |e author |9 530732 | |
| 710 | 2 | |a Instituto de Fomento Pesquero |e author |9 530733 | |
| 245 | 1 | 0 | |a Centolla de profundidad: nueva pesquería |
| 300 | |a 67 p | ||
| 942 | |c BK | ||
| 945 | |d 20080703 00:00:00 |a jtorresc | ||
| 260 | |a Valparaíso |b IFOP |c 2000 | ||
| 650 | 7 | |a CENTOLLA |2 CL-VaPUC |9 530734 | |
| 650 | 7 | |a PESCA DE CENTOLLA |2 CL-VaPUC |9 530735 | |
| 650 | 0 | |a Industria pesquera |9 255432 | |
| 650 | 0 | |a Pesca artesanal |9 261256 | |
| 650 | 0 | |a Fomento pesquero |9 530736 | |
| 650 | 7 | |a PESQUERIAS |2 CL-VaPUC |9 530737 | |
| 650 | 0 | |a Crustáceos |9 259969 | |
| 583 | |a last modification |c 20080703 00:00:00 |k Rodrigo Vera | ||
| 999 | |c 330748 |d 330746 | ||